| 000 -LEADER |
| fixed length control field |
01221cam a2200289 a 4500 |
| 001 - CONTROL NUMBER |
| control field |
(Sirsi) a631905 |
| 003 - CONTROL NUMBER IDENTIFIER |
| control field |
OSt |
| 005 - DATE AND TIME OF LATEST TRANSACTION |
| control field |
20230407142515.0 |
| 008 - FIXED-LENGTH DATA ELEMENTS--GENERAL INFORMATION |
| fixed length control field |
100721s2009 enka a 000 1 eng d |
| 020 ## - INTERNATIONAL STANDARD BOOK NUMBER |
| International Standard Book Number |
9781409300588 (pbk.) : |
| 040 ## - CATALOGING SOURCE |
| Original cataloging agency |
CHA |
| Language of cataloging |
eng |
| Transcribing agency |
TAE |
| Modifying agency |
KH8 |
| 042 ## - AUTHENTICATION CODE |
| Authentication code |
nbic |
| 082 0# - DEWEY DECIMAL CLASSIFICATION NUMBER |
| Classification number |
823.914 ADA |
| 100 1# - MAIN ENTRY--PERSONAL NAME |
| Personal name |
Adamson, Jean, |
| Dates associated with a name |
1928- |
| Relator term |
author |
| 245 10 - TITLE STATEMENT |
| Title |
Topsy and Tim go to the dentist / |
| Statement of responsibility, etc. |
by Jean and Gareth Adamson ; illustrations by Belinda Worsley. |
| 246 30 - VARYING FORM OF TITLE |
| Title proper/short title |
Topsy & Tim go to the dentist. |
| 260 ## - PUBLICATION, DISTRIBUTION, ETC. |
| Place of publication, distribution, etc. |
London : |
| Name of publisher, distributor, etc. |
Ladybird, |
| Date of publication, distribution, etc. |
[2009] |
| 300 ## - PHYSICAL DESCRIPTION |
| Extent |
[28] p. : |
| Other physical details |
col. ill. ; |
| Dimensions |
21 cm. |
| 520 ## - SUMMARY, ETC. |
| Summary, etc. |
Why do children need to go to the dentist? Topsy and Tim find out on their visit to see Mrs Berry. She cleans their teeth and explains all about how too many sweets can give them little holes - which would mean another trip to see her again. |
| 521 1# - TARGET AUDIENCE NOTE |
| Target audience note |
0-5. |
| 650 #0 - SUBJECT ADDED ENTRY--TOPICAL TERM |
| Topical term or geographic name entry element |
Topsy (Fictitious character : Adamson) |
| Form subdivision |
Pictorial works |
| -- |
Juvenile fiction. |
| 650 #0 - SUBJECT ADDED ENTRY--TOPICAL TERM |
| Topical term or geographic name entry element |
Tim (Fictitious character : Adamson) |
| Form subdivision |
Pictorial works |
| -- |
Juvenile fiction. |
| 650 #0 - SUBJECT ADDED ENTRY--TOPICAL TERM |
| Topical term or geographic name entry element |
Dentists |
| Form subdivision |
Pictorial works |
| -- |
Juvenile fiction. |
| 700 1# - ADDED ENTRY--PERSONAL NAME |
| Personal name |
Adamson, Gareth. |
| Relator term |
author |
| 700 1# - ADDED ENTRY--PERSONAL NAME |
| Personal name |
Worsley, Belinda. |
| 942 ## - ADDED ENTRY ELEMENTS (KOHA) |
| Source of classification or shelving scheme |
|
| Koha item type |
Books - Non Ficton |